[Event "XVI Abierto de la Constitucion"]
[Site "San Sebastian de los Reyes"]
[Date "2014.12.01"]
[Round "2.9"]
[White "Alvarez Gonzalez, Eduardo"]
[Black "Lopez De Turiso, Jose Angel"]
[Result "0-1"]
[WhiteElo "1831"]
[BlackElo "2090"]
[PlyCount "93"]
[EventDate "2014.11.30"]

1. d4 Nf6 2. Nf3 d6 3. c4 e5 4. dxe5 Ne4 5. Nbd2 Nc5 6. Nb3 Ne6 7. e3 Nc6 8.
exd6 Bxd6 9. Be2 Bd7 10. Bd2 Qf6 11. Bc3 Bb4 12. Bxb4 Nxb4 13. Qd2 Nc6 14. a3
Rd8 15. Qc2 O-O 16. O-O Rfe8 17. Rfd1 Ne7 18. Nbd4 Nxd4 19. Nxd4 c5 20. Nf3 Bc6
21. Ne1 g5 22. Bf3 Bxf3 23. Nxf3 g4 24. Ne1 b6 25. Nd3 Ng6 26. b3 h5 27. Nb2
Kg7 28. Rxd8 Rxd8 29. Rd1 Re8 30. Na4 Kh6 31. Nc3 Ne5 32. Nd5 Qg5 33. Nf4 h4
34. Rd6+ Kg7 35. Rd5 g3 36. hxg3 hxg3 37. Qc3 gxf2+ 38. Kxf2 Qh4+ 39. Kg1 f6
40. Qd2 Rh8 41. Nh3 Qg3 42. Nf4 Nf3+ 43. Kf1 Nxd2+ 44. Rxd2 Rh1+ 45. Ke2 Re1+
46. Kd3 Rxe3+ 47. Kc2 0-1

[Event "XVI Abierto de la Constitucion"]
[Site "San Sebastian de los Reyes"]
[Date "2014.12.01"]
[Round "2.11"]
[White "De Dompablo Fantova, Juan"]
[Black "Cabañas Bravo, Juan Andres"]
[Result "0-1"]
[WhiteElo "1737"]
[BlackElo "2058"]
[PlyCount "86"]
[EventDate "2014.11.30"]

1. e4 d5 2. exd5 Nf6 3. d4 Bg4 4. f3 Bf5 5. Bd3 Qxd5 6. Bxf5 Qxf5 7. Nc3 Nc6 8.
a3 O-O-O 9. Nge2 e5 10. Ng3 Qe6 11. Nce2 Nxd4 12. Nxd4 exd4+ 13. Qe2 Qb6 14.
Qd3 h5 15. O-O h4 16. Ne4 Nd7 17. Nf2 Rh5 18. Re1 Nc5 19. Qc4 Ne6 20. Nd3 Bd6
21. b4 c6 22. a4 Qc7 23. h3 Bh2+ 24. Kh1 Nf4 25. Bxf4 Bxf4 26. Nxf4 Qxf4 27. b5
c5 28. Re7 Rhd5 29. Rae1 Qf5 30. Re8 g5 31. Rxd8+ Kxd8 32. Qe2 Qd7 33. Qe4 c4
34. Qh7 Kc7 35. Qe4 f5 36. Qe2 d3 37. cxd3 cxd3 38. Rc1+ Kb8 39. Qd2 Qe7 40.
Qc3 Qd7 41. Qd2 f4 42. Qc3 d2 43. Qh8+ Qd8 0-1

[Event "XVI Abierto de la Constitucion"]
[Site "San Sebastian de los Reyes"]
[Date "2014.12.01"]
[Round "2.12"]
[White "Cervino Rossel, Cristobal"]
[Black "Martinez Miura, Enrique"]
[Result "1-0"]
[WhiteElo "2087"]
[BlackElo "1721"]
[PlyCount "75"]
[EventDate "2014.11.30"]

1. d4 e6 2. Nf3 d5 3. c4 Nf6 4. Nc3 h6 5. e3 Be7 6. Bd3 O-O 7. O-O c6 8. b3
Nbd7 9. Bb2 b6 10. e4 dxe4 11. Nxe4 Bb7 12. Ng3 c5 13. Qe2 cxd4 14. Nxd4 Nc5
15. Bc2 a6 16. Rad1 Qc7 17. b4 Ncd7 18. a3 Rfe8 19. Bb3 Bf8 20. f3 g6 21. Rfe1
Bg7 22. Bc3 e5 23. Nc2 e4 24. f4 Qxf4 25. Ne3 Qc7 26. Qb2 Nh5 27. Nxh5 Bxc3 28.
Qxc3 gxh5 29. Nf5 Qe5 30. Qh3 Nf6 31. Nxh6+ Kg7 32. Nf5+ Kh7 33. Nd6 Bc8 34.
Qh4 Re7 35. Nxc8 Rxc8 36. Rf1 Ng4 37. Rd5 Qe6 38. Rxh5+ 1-0

[Event "XVI Abierto de la Constitucion"]
[Site "San Sebastian de los Reyes"]
[Date "2014.12.01"]
[Round "2.13"]
[White "Garcia Lopez, Fernando"]
[Black "Perez Cameselle, Francisco"]
[Result "0-1"]
[WhiteElo "1643"]
[BlackElo "1852"]
[PlyCount "108"]
[EventDate "2014.11.30"]

1. e4 e5 2. Nf3 Nc6 3. Bb5 a6 4. Ba4 Nf6 5. O-O Be7 6. Re1 b5 7. Bb3 O-O 8. h3
Bb7 9. c3 d6 10. d4 Na5 11. Bc2 Nd7 12. Nbd2 c5 13. d5 c4 14. Nf1 Bc8 15. Ng3
g6 16. Bh6 Re8 17. Qd2 Bf8 18. Bxf8 Rxf8 19. Qh6 Qf6 20. h4 Qg7 21. Qxg7+ Kxg7
22. Kf1 Nb6 23. Nh2 f5 24. Nh1 fxe4 25. Bxe4 Bf5 26. Rad1 Nb7 27. f3 Bxe4 28.
Rxe4 Nc5 29. Re3 Nd3 30. Rdxd3 cxd3 31. Rxd3 e4 32. Rd4 Rae8 33. Ng3 exf3 34.
Nxf3 Re5 35. Ne4 Rxd5 36. Rxd5 Nxd5 37. Nxd6 Ne3+ 38. Kf2 Nd1+ 39. Kg3 Nxb2 40.
Ng5 Rf1 41. Ne8+ Kf8 42. Nc7 Rc1 43. Nxh7+ Kg7 44. Ng5 Rxc3+ 45. Kh2 Ra3 46.
Nge6+ Kf6 47. Nc5 Rxa2 48. N7xa6 Nd3 49. Nxd3 Rxa6 50. Kg1 Ra3 51. Nf4 Kf5 52.
Ne2 b4 53. Kf2 Ra2 54. Ke3 Rxe2+ 0-1

[Event "XVI Abierto de la Constitucion"]
[Site "San Sebastian de los Reyes"]
[Date "2014.12.01"]
[Round "2.14"]
[White "Rodriguez Bachiller, Luis"]
[Black "Lopez Ziegler, Juan Jose"]
[Result "0-1"]
[WhiteElo "1724"]
[BlackElo "1510"]
[PlyCount "100"]
[EventDate "2014.11.30"]

1. e4 e6 2. d4 d5 3. exd5 exd5 4. Bf4 Nc6 5. c3 Bf5 6. Nf3 Bd6 7. Bxd6 Qxd6 8.
Bb5 Qe6+ 9. Qe2 Nge7 10. Qxe6 Bxe6 11. O-O O-O 12. Bd3 Bf5 13. Bxf5 Nxf5 14.
Nbd2 f6 15. Rfe1 Rfe8 16. Kf1 g5 17. h3 h5 18. Rxe8+ Rxe8 19. Re1 Rxe1+ 20.
Kxe1 Kf7 21. Ke2 Nce7 22. Nb3 b6 23. a4 Ng6 24. g3 g4 25. hxg4 hxg4 26. Nh2 Nh6
27. a5 Ke6 28. axb6 axb6 29. Nc1 f5 30. Nd3 Ng8 31. Nf1 Nf6 32. f3 gxf3+ 33.
Kxf3 Ne4 34. Ke3 Nd6 35. Nd2 Kf6 36. Nf4 Nxf4 37. Kxf4 Ne4 38. Nf1 Nf2 39. Ke3
Nd1+ 40. Kd2 Nxb2 41. Ne3 c6 42. Kc2 Nc4 43. Nxc4 dxc4 44. Kd2 Kg5 45. Ke3 Kg4
46. Kf2 b5 47. Kg2 b4 48. cxb4 c3 49. b5 cxb5 50. d5 c2 0-1

[Event "XVI Abierto de la Constitucion"]
[Site "San Sebastian de los Reyes"]
[Date "2014.12.01"]
[Round "2.16"]
[White "Infante Martin, Alonso"]
[Black "Guillo Longares, Cecilia"]
[Result "1/2-1/2"]
[WhiteElo "1463"]
[BlackElo "1731"]
[PlyCount "100"]
[EventDate "2014.11.30"]

1. d4 Nf6 2. c4 c5 3. d5 d6 4. Nc3 g6 5. e4 Bg7 6. f3 O-O 7. Be3 e6 8. Bg5 exd5
9. Nxd5 Qa5+ 10. Kf2 Nxd5 11. exd5 Bxb2 12. Rb1 Bd4+ 13. Kg3 Qxa2 14. Ne2 Qxc4
15. Nxd4 Qxd4 16. Qxd4 cxd4 17. Bf6 b6 18. Bxd4 Bb7 19. Bc4 Nd7 20. Rhc1 Rfe8
21. Bb5 Red8 22. Rc7 Bc8 23. Bc6 Rb8 24. Rxa7 Nc5 25. Bf6 Bf5 26. Re1 Rdc8 27.
Ree7 Rf8 28. h4 b5 29. Rec7 b4 30. Be7 Rfc8 31. Rxc8+ Rxc8 32. Bxd6 Nd3 33. Rb7
Rd8 34. Bxb4 Ne5 35. Be7 Rc8 36. Rb6 Nc4 37. Ra6 Bd3 38. Ra8 Rxa8 39. Bxa8 Nb6
40. Bc6 Bc4 41. d6 Be6 42. Kf4 Nd7 43. g4 f5 44. Bxd7 Bxd7 45. gxf5 Bxf5 46.
Kg5 Kg7 47. Kf4 Kf7 48. h5 Bd7 49. Kg5 Kg7 50. h6+ Kf7 1/2-1/2

[Event "XVI Abierto de la Constitucion"]
[Site "San Sebastian de los Reyes"]
[Date "2014.12.01"]
[Round "2.17"]
[White "Campomanes Rodriguez, Javier"]
[Black "Mehalingam, Karunanithi"]
[Result "1-0"]
[WhiteElo "1726"]
[BlackElo "1443"]
[PlyCount "69"]
[EventDate "2014.11.30"]

1. c4 Nf6 2. d4 d5 3. Nc3 e6 4. Nf3 Bb4 5. Bg5 O-O 6. Qc2 Nbd7 7. e3 Re8 8. Ne5
c5 9. Nxd7 Bxd7 10. dxc5 Bxc3+ 11. Qxc3 Ne4 12. Bxd8 Nxc3 13. Bh4 Na4 14. b4
dxc4 15. Bxc4 Rac8 16. O-O b6 17. Ba6 Rb8 18. Rfd1 Bc6 19. Rd6 bxc5 20. Rxc6
cxb4 21. Rd1 Nc3 22. Rd2 h6 23. g4 g5 24. Bg3 Rb6 25. Rxb6 axb6 26. Bc4 b5 27.
Bb3 e5 28. Kg2 Ne4 29. Rd7 Rf8 30. Bxe5 Nc5 31. Rd5 Nxb3 32. axb3 Ra8 33. Rxb5
Re8 34. Rb8 Rxb8 35. Bxb8 1-0

[Event "XVI Abierto de la Constitucion"]
[Site "San Sebastian de los Reyes"]
[Date "2014.12.01"]
[Round "2.18"]
[White "Hidalgo Prado, David"]
[Black "Minguela Muñoz, Bienvenido"]
[Result "0-1"]
[WhiteElo "1449"]
[BlackElo "1717"]
[PlyCount "82"]
[EventDate "2014.11.30"]

1. e4 c5 2. c3 Nf6 3. e5 Nd5 4. d4 cxd4 5. cxd4 e6 6. Nc3 Nxc3 7. bxc3 d5 8.
Nf3 Qc7 9. c4 dxc4 10. Qa4+ Bd7 11. Qxc4 Nc6 12. a3 Rc8 13. Bd2 Qb6 14. Qd3 a6
15. Rb1 Qc7 16. Be2 Na7 17. Qb3 Bc6 18. O-O Qd7 19. Be3 Nb5 20. Bxb5 Bxb5 21.
Rfc1 Bc6 22. Nd2 Be7 23. Qb2 O-O 24. f3 Bd5 25. Ne4 b5 26. Nc5 Bxc5 27. dxc5
Qc6 28. Qd4 f5 29. Bg5 Rf7 30. Be3 Rcf8 31. f4 g5 32. g3 g4 33. Rb2 h5 34. Kf2
Rh7 35. Qd1 h4 36. Qg1 hxg3+ 37. hxg3 Rh1 38. Ke1 Rxg1+ 39. Bxg1 Bc4 40. Rxc4
bxc4 41. Rb6 Qe4+ 0-1

[Event "XVI Abierto de la Constitucion"]
[Site "San Sebastian de los Reyes"]
[Date "2014.12.01"]
[Round "2.19"]
[White "Vazquez Cabeza, Isaac"]
[Black "Gomez Escurin, Jose Manuel"]
[Result "1-0"]
[WhiteElo "1611"]
[BlackElo "1326"]
[PlyCount "115"]
[EventDate "2014.11.30"]

1. c4 Nf6 2. Nc3 c5 3. g3 d5 4. cxd5 Nxd5 5. Bg2 e6 6. d3 g6 7. Nf3 Bg7 8. Bd2
b6 9. O-O Bb7 10. Qc1 Nd7 11. Bh6 O-O 12. Bxg7 Kxg7 13. Nd2 N7f6 14. Nde4 Kg8
15. Qg5 Nxe4 16. Nxe4 Qxg5 17. Nxg5 h6 18. Ne4 Kg7 19. a3 Nf6 20. Nxf6 Bxg2 21.
Nh5+ gxh5 22. Kxg2 Rg8 23. Rac1 Kf6 24. Rc4 Rg4 25. Rfc1 Rd4 26. Rxd4 cxd4 27.
Rc4 e5 28. Rc6+ Kg7 29. Kh3 f6 30. Kg2 Kg6 31. Kf3 Kf5 32. h3 Re8 33. Rc7 e4+
34. dxe4+ Rxe4 35. Rxa7 Re6 36. Rd7 Ke5 37. e3 dxe3 38. fxe3 Kf5 39. Rd5+ Kg6
40. Rb5 Rc6 41. b3 Re6 42. a4 Rc6 43. b4 Re6 44. Kf4 Rc6 45. e4 Re6 46. Ke3 Rc6
47. Kd4 Rd6+ 48. Kc4 Re6 49. Kd5 Re5+ 50. Kc6 Rxe4 51. Kxb6 Re3 52. a5 Rxg3 53.
a6 Re3 54. a7 Re8 55. Ka6 Ra8 56. Rb8 Rxa7+ 57. Kxa7 Kf7 58. Rb5 1-0

[Event "XVI Abierto de la Constitucion"]
[Site "San Sebastian de los Reyes"]
[Date "2014.12.01"]
[Round "2.20"]
[White "Martin Rodriguez, Jose Luis"]
[Black "Guzman Castro, Enrique"]
[Result "0-1"]
[WhiteElo "1411"]
[BlackElo "1610"]
[PlyCount "56"]
[EventDate "2014.11.30"]

1. e4 c6 2. d4 d5 3. Nc3 dxe4 4. Nxe4 Bf5 5. Ng3 Bg6 6. h4 h6 7. h5 Bh7 8. Nf3
Nd7 9. Bd3 Bxd3 10. Qxd3 e6 11. Bf4 Ngf6 12. Ne4 Nxe4 13. Qxe4 Qa5+ 14. c3 Nf6
15. Qe5 Qxe5+ 16. Bxe5 Be7 17. O-O-O Ng4 18. Rhf1 Bf6 19. Rde1 Bg5+ 20. Nxg5
hxg5 21. Bxg7 Rxh5 22. Re4 Rh7 23. Rxg4 Rxg7 24. f4 Ke7 25. fxg5 Rag8 26. Rgf4
Rf8 27. Rf6 Rxg5 28. Rxf7+ Rxf7 0-1

[Event "XVI Abierto de la Constitucion"]
[Site "San Sebastian de los Reyes"]
[Date "2014.12.01"]
[Round "2.21"]
[White "Reyes Peñas, Sebastian"]
[Black "Karunanithi, Bharath"]
[Result "1-0"]
[WhiteElo "1563"]
[BlackElo "1182"]
[PlyCount "39"]
[EventDate "2014.11.30"]

1. e4 e5 2. Nf3 Nc6 3. Bc4 Nf6 4. d3 Bc5 5. Nc3 d6 6. Bg5 Be6 7. Nd5 Bxd5 8.
Bxd5 Nd4 9. Nxd4 Bxd4 10. c3 Bb6 11. Bxb7 Rb8 12. Bc6+ Ke7 13. Bd5 Ba5 14. b4
Bb6 15. a4 a5 16. b5 h6 17. Bxf6+ Kxf6 18. Qf3+ Kg5 19. h4+ Kg6 20. Qf5# 1-0

[Event "XVI Abierto de la Constitucion"]
[Site "San Sebastian de los Reyes"]
[Date "2014.12.01"]
[Round "2.22"]
[White "Asins Martin, Jose"]
[Black "Rodenas Riesco, Alfonso"]
[Result "1-0"]
[WhiteElo "1264"]
[BlackElo "1551"]
[PlyCount "55"]
[EventDate "2014.11.30"]

1. Nf3 e6 2. c4 Nf6 3. d4 d5 4. Nc3 c5 5. Bg5 cxd4 6. Nxd4 h6 7. Bh4 Be7 8. e3
O-O 9. Bd3 Nbd7 10. Bxf6 Bxf6 11. cxd5 Nc5 12. Bc4 e5 13. Nb3 Nxb3 14. Bxb3 b6
15. O-O Ba6 16. Re1 Rc8 17. Qf3 e4 18. Qxe4 Bxc3 19. bxc3 Rxc3 20. Rad1 Qd6 21.
Qa4 b5 22. Qd4 Rc7 23. e4 f6 24. e5 fxe5 25. Rxe5 Kh8 26. Re6 Qd7 27. Rxh6+ Kg8
28. d6+ 1-0

[Event "XVI Abierto de la Constitucion"]
[Site "San Sebastian de los Reyes"]
[Date "2014.12.01"]
[Round "2.24"]
[White "Guillo Sanchez-Galiano, Ernesto"]
[Black "Ojosnegros Martin, Angel"]
[Result "1/2-1/2"]
[WhiteElo "1165"]
[BlackElo "1501"]
[PlyCount "49"]
[EventDate "2014.11.30"]

1. d4 d5 2. Nf3 e6 3. Bf4 Nf6 4. e3 Nbd7 5. c3 b6 6. Bd3 Bb7 7. Qc2 Be7 8. Nbd2
c5 9. b3 a6 10. O-O Nh5 11. Rfe1 cxd4 12. cxd4 Rc8 13. Qb2 Nxf4 14. exf4 O-O
15. Rac1 Rxc1 16. Rxc1 b5 17. Qb1 g6 18. Qc2 Bd6 19. Ne5 Nxe5 20. fxe5 Bb8 21.
Nf3 Qd7 22. Qd2 f6 23. Qh6 Qg7 24. Qh3 Qf7 25. Rc2 1/2-1/2

[Event "XVI Abierto de la Constitucion"]
[Site "San Sebastian de los Reyes"]
[Date "2014.12.02"]
[Round "3.1"]
[White "Perez Mitjans, Orelvis"]
[Black "Quevedo Marin, Manuel"]
[Result "1-0"]
[WhiteElo "2463"]
[BlackElo "2192"]
[PlyCount "73"]
[EventDate "2014.11.30"]

1. e4 e6 2. d4 d5 3. e5 c5 4. c3 Qb6 5. Nf3 Nc6 6. Bd3 cxd4 7. cxd4 Bd7 8. Nc3
Nxd4 9. Nxd4 Qxd4 10. O-O a6 11. Qf3 Ne7 12. Rd1 Qa7 13. Be3 Qb8 14. Bf4 Ng6
15. Bg3 Be7 16. Rac1 Bc6 17. Qg4 Qd8 18. Ne2 Bb5 19. Bxb5+ axb5 20. a3 h5 21.
Qf3 h4 22. Bf4 Ra4 23. Bd2 O-O 24. Qb3 Qd7 25. f4 Rc4 26. Rb1 f6 27. Qd3 f5 28.
Kh1 Rfc8 29. h3 b4 30. b3 Re4 31. a4 Ra8 32. Rbc1 Ra5 33. Be3 Bd8 34. Nd4 Bb6
35. Nxf5 Bxe3 36. Nxe3 Rxf4 37. Qxg6 1-0

[Event "XVI Abierto de la Constitucion"]
[Site "San Sebastian de los Reyes"]
[Date "2014.12.02"]
[Round "3.2"]
[White "Aziz Ortego, Omar Luis"]
[Black "Valles Moreno, Ivan"]
[Result "0-1"]
[WhiteElo "2103"]
[BlackElo "2391"]
[PlyCount "174"]
[EventDate "2014.11.30"]

1. d4 Nf6 2. c4 g6 3. Nc3 Bg7 4. Bg5 h6 5. Bh4 c5 6. e3 O-O 7. Nf3 cxd4 8. exd4
d6 9. Be2 Nc6 10. d5 Nb8 11. O-O a5 12. a3 Na6 13. b4 Bg4 14. Rb1 axb4 15. axb4
Nd7 16. Nd4 Bxe2 17. Ncxe2 Ne5 18. Qb3 Rc8 19. Rfc1 Re8 20. f4 Ng4 21. h3 Nf6
22. Kh2 Nh5 23. f5 g5 24. Qf3 Be5+ 25. Kh1 Ng7 26. Bf2 Qd7 27. g4 Rf8 28. h4 e6
29. hxg5 hxg5 30. Be3 Qe7 31. Kg2 exf5 32. gxf5 Rfe8 33. Kf2 Bf6 34. Rg1 Rxc4
35. Rg4 Nxb4 36. Bd2 Nc2 37. Nxc2 Rxc2 38. Qd3 Qe5 39. Rbg1 Qxf5+ 40. Qxf5 Nxf5
41. Ke1 Nd4 42. Kd1 Rxd2+ 43. Kxd2 Nxe2 44. Rf1 Bd8 45. Rf2 Ba5+ 46. Kd3 Nc1+
47. Kc2 Rc8+ 48. Kd1 Nd3 49. Rxg5+ Kf8 50. Ra2 b6 51. Ra3 Ne5 52. Re3 Rc5 53.
Rexe5 dxe5 54. Rxe5 f6 55. Rf5 Kf7 56. Ke2 Kg6 57. Rf1 Rxd5 58. Rg1+ Rg5 59.
Rb1 b5 60. Kf3 Bc3 61. Rd1 b4 62. Rd8 b3 63. Rb8 b2 64. Kf2 Bd4+ 65. Ke2 Rg1
66. Kd3 b1=Q+ 67. Rxb1 Rxb1 68. Kxd4 Re1 69. Kd3 Kf5 70. Kd2 Re7 71. Kd3 Kf4
72. Kc4 Rd7 73. Kc5 Rd1 74. Kc4 Ke4 75. Kc3 Rd8 76. Kc4 Rc8+ 77. Kb4 Kd5 78.
Kb3 Kd4 79. Kb2 Rb8+ 80. Kc2 Rb7 81. Kd2 Rb2+ 82. Kc1 Rh2 83. Kd1 Ke3 84. Kc1
Kd3 85. Kb1 Kc3 86. Ka1 Kb3 87. Kb1 Rh1# 0-1

[Event "XVI Abierto de la Constitucion"]
[Site "San Sebastian de los Reyes"]
[Date "2014.12.02"]
[Round "3.3"]
[White "Roa Alonso, Santiago"]
[Black "Cardenas Serrano, Sergio"]
[Result "1-0"]
[WhiteElo "2387"]
[BlackElo "2100"]
[PlyCount "55"]
[EventDate "2014.11.30"]

1. d4 Nf6 2. c4 g6 3. Nc3 Bg7 4. e4 d6 5. h3 c5 6. d5 b5 7. cxb5 a6 8. b6 O-O
9. Qb3 Bb7 10. a4 e6 11. dxe6 Nc6 12. Nf3 Nd4 13. Nxd4 cxd4 14. Nd5 Nxd5 15.
exd5 Qh4 16. Be2 fxe6 17. O-O Bxd5 18. Bc4 Bxc4 19. Qxc4 Qe4 20. Bd2 Rfc8 21.
Qb3 Rab8 22. a5 d5 23. Rac1 d3 24. Rxc8+ Rxc8 25. b7 Rb8 26. Rc1 Be5 27. Rc8+
Kf7 28. Qa3 1-0

[Event "XVI Abierto de la Constitucion"]
[Site "San Sebastian de los Reyes"]
[Date "2014.12.02"]
[Round "3.4"]
[White "Lopez De Turiso, Jose Angel"]
[Black "Hernando Pertierra, Jose C."]
[Result "0-1"]
[WhiteElo "2090"]
[BlackElo "2382"]
[PlyCount "62"]
[EventDate "2014.11.30"]

1. e4 g6 2. Nc3 Bg7 3. h4 h5 4. Bc4 Nc6 5. a3 d6 6. d3 Nf6 7. Bg5 Nd4 8. Nge2
Nxe2 9. Qxe2 c6 10. Rd1 O-O 11. Bb3 d5 12. e5 Ng4 13. Bf4 a5 14. d4 Nh6 15. Qd2
Kh7 16. Ne2 a4 17. Ba2 f6 18. exf6 exf6 19. c3 Re8 20. Kf1 Nf5 21. Bb1 b6 22.
Bd3 Ba6 23. Bxa6 Rxa6 24. Ng3 Nxg3+ 25. Bxg3 Ra7 26. Bf4 Rae7 27. Rh3 Qc8 28.
Re3 Qg4 29. Rxe7 Rxe7 30. g3 Qf3 31. Be3 Rxe3 0-1

[Event "XVI Abierto de la Constitucion"]
[Site "San Sebastian de los Reyes"]
[Date "2014.12.02"]
[Round "3.5"]
[White "Martin Duque, Jesus"]
[Black "Cabañas Bravo, Juan Andres"]
[Result "1-0"]
[WhiteElo "2357"]
[BlackElo "2058"]
[PlyCount "51"]
[EventDate "2014.11.30"]

1. e4 e5 2. Bc4 Bc5 3. Nf3 Nc6 4. d3 Nf6 5. c3 a6 6. Nbd2 Ba7 7. Nf1 d5 8. exd5
Nxd5 9. Ng3 O-O 10. O-O h6 11. Re1 Nf6 12. h3 Qd6 13. Be3 Rd8 14. Bxa7 Rxa7 15.
a4 Re8 16. b4 Be6 17. Qb3 Qxd3 18. Bxe6 Rxe6 19. Rad1 Qg6 20. b5 axb5 21. axb5
Na5 22. Rd8+ Ne8 23. Qd5 b6 24. Qd7 Kf8 25. Nxe5 Qf6 26. Rxe8+ 1-0

[Event "XVI Abierto de la Constitucion"]
[Site "San Sebastian de los Reyes"]
[Date "2014.12.02"]
[Round "3.6"]
[White "Perez Cameselle, Francisco"]
[Black "Cervino Rossel, Cristobal"]
[Result "0-1"]
[WhiteElo "1852"]
[BlackElo "2087"]
[PlyCount "86"]
[EventDate "2014.11.30"]

1. Nf3 Nf6 2. g3 b6 3. Bg2 Bb7 4. O-O g6 5. d3 Bg7 6. e4 d6 7. Nc3 O-O 8. Qe2
e5 9. h3 c5 10. a4 Nc6 11. Bg5 Nd4 12. Nxd4 cxd4 13. Nd5 Bxd5 14. exd5 h6 15.
Bd2 Rc8 16. Rfc1 Nd7 17. a5 b5 18. b4 Re8 19. Qf1 f5 20. c3 dxc3 21. Rxc3 Rxc3
22. Bxc3 Qc7 23. Rc1 Rc8 24. Bb2 Qd8 25. Rc3 Rxc3 26. Bxc3 Qc7 27. Qa1 a6 28.
Qb2 Nf6 29. Kh2 Kf7 30. Qb3 e4 31. Bxf6 Bxf6 32. dxe4 Qc3 33. Qb1 Qb2 34. Qe1
Bc3 35. Qe3 Bd4 36. Qxh6 Qxf2 37. Qh7+ Bg7 38. exf5 Qxf5 39. Qh4 Be5 40. Qh7+
Kf8 41. Qh6+ Kg8 42. Qh4 g5 43. Qh5 Bxg3+ 0-1

[Event "XVI Abierto de la Constitucion"]
[Site "San Sebastian de los Reyes"]
[Date "2014.12.02"]
[Round "3.7"]
[White "Lopez Ziegler, Juan Jose"]
[Black "Bustos Serrano, Doroteo"]
[Result "0-1"]
[WhiteElo "1510"]
[BlackElo "2057"]
[PlyCount "94"]
[EventDate "2014.11.30"]

1. d4 g6 2. Bf4 Bg7 3. e3 d6 4. Nf3 Nd7 5. Be2 e5 6. Bg3 Nh6 7. dxe5 dxe5 8. e4
O-O 9. Nc3 c6 10. h3 f6 11. Bc4+ Nf7 12. O-O b5 13. Bb3 Nc5 14. Bxf7+ Kxf7 15.
b4 Na6 16. Qxd8 Rxd8 17. a3 Be6 18. Rfd1 Bh6 19. Bh4 g5 20. Bg3 g4 21. hxg4
Bxg4 22. Bh4 Ke6 23. Rd3 Rxd3 24. cxd3 Bxf3 25. gxf3 Nc7 26. Kf1 a5 27. Ra2
axb4 28. axb4 Rxa2 29. Nxa2 Na6 30. Ke2 Bf8 31. Bg3 Nxb4 32. Nxb4 Bxb4 33. f4
exf4 34. Bxf4 Bd6 35. Be3 f5 36. Kf3 b4 37. d4 b3 38. Bc1 Bb4 39. Bb2 h5 40.
Kf4 Bd2+ 41. Kf3 h4 42. exf5+ Kxf5 43. Kg2 Ke6 44. Kh3 Bg5 45. Kg4 Kd5 46. f4
Bf6 47. f5 c5 0-1

[Event "XVI Abierto de la Constitucion"]
[Site "San Sebastian de los Reyes"]
[Date "2014.12.02"]
[Round "3.8"]
[White "Yeves Miquel, Enrique"]
[Black "De La Orden Alcocer, Alejandro"]
[Result "0-1"]
[WhiteElo "1732"]
[BlackElo "1959"]
[PlyCount "114"]
[EventDate "2014.11.30"]

1. d4 d6 2. c4 Nf6 3. Nc3 Nbd7 4. e4 e5 5. d5 a5 6. Bd3 Nc5 7. Bc2 Be7 8. h3 b6
9. Be3 Bd7 10. Nf3 O-O 11. O-O Qc8 12. Nd2 Na6 13. Ba4 Nc5 14. Bxd7 Qxd7 15.
Qe2 Rfe8 16. f4 exf4 17. Bxf4 Bf8 18. Qf3 Qe7 19. Rae1 Nfd7 20. Kh1 Ne5 21.
Bxe5 dxe5 22. Nb3 f6 23. Nxc5 Qxc5 24. Qe2 Rad8 25. Rd1 Rb8 26. Rf3 Qe7 27. g4
g5 28. Rdf1 Bg7 29. Nd1 Rf8 30. Ne3 Qc5 31. Nf5 b5 32. cxb5 Qxb5 33. R1f2 Rf7
34. Qc2 Bf8 35. Rc3 Qb6 36. Rc6 Qb4 37. Kg2 Rb7 38. b3 Rb6 39. Rc4 Qb5 40. Rxc7
Rxc7 41. Qxc7 Qb4 42. Qc4 Qxc4 43. bxc4 a4 44. Rc2 a3 45. Kf3 Rb2 46. Re2 Kf7
47. Ke3 Bc5+ 48. Kd3 Rb1 49. h4 gxh4 50. Nxh4 Rh1 51. Ng2 h5 52. gxh5 Rxh5 53.
Ne1 Rh3+ 54. Kc2 Ke7 55. Nd3 Kd6 56. Rf2 Bxf2 57. Nxf2 Rh2 0-1

[Event "XVI Abierto de la Constitucion"]
[Site "San Sebastian de los Reyes"]
[Date "2014.12.02"]
[Round "3.9"]
[White "Ruiz Sanchez, Roberto"]
[Black "Campomanes Rodriguez, Javier"]
[Result "1-0"]
[WhiteElo "1940"]
[BlackElo "1726"]
[PlyCount "89"]
[EventDate "2014.11.30"]

1. e4 d5 2. exd5 Qxd5 3. Nc3 Qd6 4. d4 a6 5. Nf3 Nf6 6. g3 b5 7. Bg2 Bb7 8. O-O
e6 9. Qe2 Be7 10. Rd1 Nd5 11. Ne4 Qb6 12. Bg5 Nd7 13. Bxe7 Nxe7 14. Rd2 O-O 15.
c3 Nd5 16. Ne5 Nxe5 17. dxe5 f5 18. Ng5 h6 19. Nf3 g5 20. Rc1 Rf7 21. b3 Raf8
22. c4 bxc4 23. bxc4 Ne7 24. Rb2 Qa7 25. Rxb7 Qxb7 26. Nxg5 Qxg2+ 27. Kxg2 hxg5
28. c5 Nd5 29. Qxa6 Re8 30. a4 f4 31. h3 fxg3 32. fxg3 Nb4 33. Qb5 Ref8 34.
Qxb4 Rf2+ 35. Kg1 R2f3 36. Qg4 R8f5 37. h4 Ra3 38. Rf1 Rxe5 39. hxg5 Ree3 40.
Kg2 Ra2+ 41. Rf2 Raa3 42. Qf4 Rxg3+ 43. Qxg3 Rxg3+ 44. Kxg3 Kg7 45. Kg4 1-0

[Event "XVI Abierto de la Constitucion"]
[Site "San Sebastian de los Reyes"]
[Date "2014.12.02"]
[Round "3.10"]
[White "Minguela Muñoz, Bienvenido"]
[Black "Morona Minguez, Miguel"]
[Result "0-1"]
[WhiteElo "1717"]
[BlackElo "1939"]
[PlyCount "124"]
[EventDate "2014.11.30"]

1. Nf3 Nf6 2. c4 c6 3. Nc3 d5 4. d4 h6 5. e3 Bf5 6. cxd5 cxd5 7. Ne5 e6 8. Qb3
b6 9. Bb5+ Nfd7 10. g4 Bh7 11. h4 f6 12. Nf3 Be7 13. Nd2 f5 14. gxf5 Bxf5 15.
Nxd5 O-O 16. Nxe7+ Qxe7 17. e4 Bh7 18. Qe3 Nf6 19. Rg1 Kh8 20. b3 a6 21. Bd3
Nc6 22. Nc4 b5 23. Ba3 Nb4 24. Bxb4 Qxb4+ 25. Nd2 Rad8 26. Rc1 Qxd4 27. Ke2 Nh5
28. Qxd4 Rxd4 29. Ke3 Rfd8 30. Be2 Nf6 31. Rc7 Rxd2 32. Rgxg7 R2d7 33. Rgxd7
Rxd7 34. Rc6 Nxe4 35. Rxe6 Nc5 36. Rxh6 Kg7 37. Rb6 Re7+ 38. Kd2 Ne4+ 39. Kc1
Nc3 40. Bf3 Nxa2+ 41. Kb2 Nb4 42. Kc3 Nd3 43. Rxa6 Nxf2 44. Rb6 Re3+ 45. Kb4
Rxf3 46. Rxb5 Rf4+ 47. Ka5 Rxh4 48. b4 Nd3 49. Rb7+ Kf6 50. b5 Ke6 51. Kb6 Kd6
52. Rg7 Be4 53. Ka7 Rh7 54. Rxh7 Bxh7 55. b6 Nb4 56. b7 Nc6+ 57. Kb6 Bd3 58.
b8=Q+ Nxb8 59. Kb7 Nd7 60. Ka7 Kc7 61. Ka8 Nb6+ 62. Ka7 Nc8+ 0-1

[Event "XVI Abierto de la Constitucion"]
[Site "San Sebastian de los Reyes"]
[Date "2014.12.02"]
[Round "3.11"]
[White "Largo Barbero, Benito"]
[Black "Vazquez Cabeza, Isaac"]
[Result "1-0"]
[WhiteElo "1929"]
[BlackElo "1611"]
[PlyCount "77"]
[EventDate "2014.11.30"]

1. Nc3 d5 2. d4 Nf6 3. Bg5 Bf5 4. Nf3 h6 5. Bh4 Nbd7 6. e3 e6 7. a3 Be7 8. Be2
O-O 9. h3 Ne4 10. Bxe7 Qxe7 11. Nxe4 Bxe4 12. Rg1 c6 13. Nd2 Bg6 14. g3 e5 15.
c3 exd4 16. cxd4 Nf6 17. Nf1 Rfe8 18. Qb3 Qc7 19. Rc1 Qa5+ 20. Qc3 Qb6 21. f3
Qc7 22. g4 Qe7 23. Kd2 Rab8 24. h4 Nd7 25. g5 hxg5 26. hxg5 Nf8 27. f4 Ne6 28.
Ng3 Be4 29. Nxe4 dxe4 30. Rg3 Qc7 31. Rcg1 Rbd8 32. g6 f5 33. Bc4 Kf8 34. Bxe6
Rxe6 35. Qc5+ Rdd6 36. Qxf5+ Ke8 37. Rh3 Rf6 38. Rh8+ Ke7 39. Qe5+ 1-0